| 000 | 00561nam a2200169Ia 4500 | ||
|---|---|---|---|
| 005 | 20240530102138.0 | ||
| 008 | 140319s1987 xx 000 0 ara d | ||
| 040 |
_aGCL / _cGCL |
||
| 082 | 0 | 4 |
_a811.09 / _bم ر |
| 100 | _aمحمد الخمار الكنوني | ||
| 245 | 1 | 0 |
_aرماد هسبريس : _bشعر / _cمحمد الخمار الكنوني |
| 260 |
_aالمغرب : _bدار توبقال للنشر ، _c1987 |
||
| 300 |
_a95 ص؛ _b20 سم |
||
| 650 | 0 | 7 | _2الشعر العربي |
| 942 |
_2ddc _cBK |
||
| 999 |
_c30110 _d30110 |
||